MARC

LEADER 00000nam0a2200000 4500
001 57193
005 20231031054118.0
010 |a 5941573502 
035 |a (RuTPU)RU\TPU\book\60328 
090 |a 57193 
100 |a 20031024d2003 m y0rusy50 ba 
101 0 |a rus 
102 |a RU 
105 |a a j 001zy 
200 1 |a AutoCAD 2004  |e Самоучитель  |f Н. Н. Полещук, В. А. Савельева 
210 |a СПб.  |c БХВ-Петербург  |d 2003 
215 |a 628 с.  |c ил. 
225 1 |a Самоучитель 
320 |a Предметный указатель: с. 619-628 
610 1 |a информатика 
610 1 |a трехмерные пространства 
610 1 |a системы программирования 
610 1 |a AutoCAD 2004 
610 1 |a геометрические примитивы 
610 1 |a модели 
610 1 |a чертежи 
610 1 |a самоучители 
610 1 |a учебные пособия 
675 |a 681.327.1(07)  |v 3 
700 1 |a Полещук  |b Н. Н.  |g Николай Николаевич 
701 1 |a Савельева  |b В. А.  |g Вильга Александровна 
801 1 |a RU  |b 63413507  |c 20031024  |g PSBO 
801 2 |a RU  |b 63413507  |c 20210614  |g PSBO 
942 |c BK